000
00306nam a22001337a 4500
020
_a
978-93-85887-97-0
082
_a
001
_b
BEC/Q
100
_a
BECKER, H
245
_a
THE QUIZ BOOK FOR SPIES
260
_a
NEW YORK
_b
SCHOLASTIC INC
_c
2012
300
_a
95
650
_a
GENERAL KNOWLEDGE
_z
INDIA
942
_c
BK
999
_c
6550
_d
6550